Countries That Contain H - Statistics

General Stats
  • This quiz has been taken 253 times
  • The average score is 22 of 28
Answer Stats
Hint Answer % Correct
North America Honduras
99%
North America Haiti
97%
Europe Hungary
92%
South America Chile
88%
Asia South Korea
87%
Africa South Africa
85%
Asia China
83%
Asia Kazakhstan
83%
Asia Bhutan
82%
Oceania Marshall Islands
82%
Asia North Korea
81%
Africa South Sudan
81%
Asia Thailand
81%
Asia Afghanistan
80%
Europe Liechtenstein
78%
Africa Ghana
77%
Europe Netherlands
77%
Europe Lithuania
75%
Africa Chad
73%
Asia Bangladesh
72%
Europe Bosnia and Herzegovina
72%
Asia Bahrain
71%
Europe Czech Republic
71%
Asia Philippines
71%
North America Bahamas
70%
Africa Ethiopia
68%
Africa Lesotho
61%
Africa Seychelles
53%
No matching quizzes found
Score Distribution
Percent of People with Each Score
Percentile by Number Answered
Your Score History
You have not taken this quiz